[Event "BL 1920 SG Speyer-Schwegenheim - SV Lin"]
[Site "?"]
[Date "2019.12.08"]
[Round "4.5"]
[White "Bindrich, Falko"]
[Black "Shytaj, Luca"]
[Result "1-0"]
[WhiteElo "2607"]
[BlackElo "2477"]
[PlyCount "171"]
[EventDate "2019.??.??"]

1. e4 c5 2. Nf3 e6 3. d4 cxd4 4. Nxd4 a6 5. Nc3 b5 6. Bd3 Qb6 7. Nb3 Qc7 8. O-O
Nf6 9. Qe2 Bb7 10. e5 b4 11. Nd1 Nd5 12. c4 bxc3 13. Nxc3 Nxc3 14. bxc3 d6 15.
Bf4 Nd7 16. exd6 Bxd6 17. Bxd6 Qxd6 18. Na5 Nc5 19. Bc2 Bc8 20. Rfd1 Qc7 21.
Be4 Nxe4 22. Qxe4 Ra7 23. Qb4 f5 24. c4 e5 25. Rd5 Kf7 26. Rad1 Be6 27. Rc5 Qb8
28. Qxb8 Rxb8 29. Nc6 Rc8 30. Nd8+ Rxd8 31. Rxd8 Rb7 32. h4 Ke7 33. Rd2 e4 34.
Kh2 h6 35. Rc6 a5 36. c5 Rb4 37. Rc7+ Kf6 38. Rd6 e3 39. fxe3 Rxh4+ 40. Kg3 Re4
41. Kf3 g5 42. Ra7 Ke5 43. Re7 Kf6 44. Rh7 Ke5 45. a3 h5 46. Rxh5 g4+ 47. Kf2
Rc4 48. Rh7 Rxc5 49. Ra6 Bb3 50. Kg3 Bc2 51. Raa7 Be4 52. Rhe7+ Kd5 53. Kf4 Kc4
54. Re5 Rxe5 55. Kxe5 Kb5 56. g3 Ka4 57. Kd4 Bf3 58. Kc4 Be4 59. Kc3 Bf3 60.
Kb2 Be4 61. Rd7 Bf3 62. Re7 Bd5 63. Re5 Be4 64. Kc3 Bb1 65. Rc5 Be4 66. Kd4 Bb1
67. Rc3 Be4 68. Kc5 Bf3 69. Kb6 Be4 70. Ka6 Bb1 71. Rc5 Kxa3 72. Kxa5 Kb2 73.
Kb4 Be4 74. Rc3 Bd5 75. Rc5 Be4 76. Kc4 Kc2 77. Kd4+ Kd2 78. Re5 Bf3 79. e4
fxe4 80. Rxe4 Kc2 81. Re3 Kd2 82. Ra3 Ke2 83. Ke5 Kf2 84. Kf4 Kg2 85. Ra5 Kh2
86. Rh5+ 1-0

[Event "BL 1920 SG Speyer-Schwegenheim - SV Lin"]
[Site "?"]
[Date "2019.12.08"]
[Round "4.6"]
[White "Mager, Denis"]
[Black "Ivanisevic, Ivan"]
[Result "1/2-1/2"]
[WhiteElo "2276"]
[BlackElo "2593"]
[PlyCount "127"]
[EventDate "2019.??.??"]

1. c4 e5 2. Nc3 Nc6 3. g3 Bc5 4. Bg2 d6 5. e3 a6 6. Nge2 Ba7 7. O-O h5 8. d4 h4
9. b4 hxg3 10. fxg3 Nf6 11. Nd5 Bg4 12. b5 axb5 13. cxb5 Ne7 14. Nxf6+ gxf6 15.
Bb2 Qd7 16. a4 Qe6 17. Rf2 Nd5 18. Qb3 e4 19. a5 Ke7 20. Re1 Bxe2 21. Rfxe2 Rh5
22. Qc2 f5 23. Rf2 Rah8 24. Bf1 Qg6 25. Rg2 Rh3 26. Bc4 Nf6 27. Bf1 Kd8 28. d5
Bc5 29. Bxf6+ Qxf6 30. Rf2 R3h6 31. Qd2 Qg5 32. Rg2 Ke7 33. a6 bxa6 34. bxa6
Rh3 35. Qf2 Rb8 36. Kh1 Rb3 37. Qf4 Qxf4 38. exf4 Rh8 39. h4 Kf6 40. Kh2 Rhb8
41. Ra2 Rb2+ 42. Rxb2 Rxb2+ 43. Re2 Rb1 44. Kg2 Ra1 45. Rb2 Bb6 46. Rc2 Kg7 47.
Rb2 Kg6 48. Rc2 Kf6 49. Rb2 Ke7 50. Rc2 Kd8 51. Rb2 Ra5 52. Bc4 Ra4 53. Rc2 Ke7
54. Rc1 Bc5 55. Rc2 Kf6 56. Rc1 Bb6 57. Rc2 Ra5 58. Kf1 Ra1+ 59. Kg2 Ra4 60.
Rc1 Ra5 61. Rc2 Rc5 62. Bb3 Rb5 63. Bc4 Rb4 64. Kf1 1/2-1/2

[Event "BL 1920 SG Speyer-Schwegenheim - SV Lin"]
[Site "?"]
[Date "2019.12.08"]
[Round "4.7"]
[White "Perunovic, Milos"]
[Black "Commercon, Simon"]
[Result "1-0"]
[WhiteElo "2589"]
[BlackElo "2263"]
[PlyCount "113"]
[EventDate "2019.??.??"]

1. e4 e5 2. Nf3 Nc6 3. d4 exd4 4. Nxd4 Nf6 5. Nxc6 bxc6 6. Bd3 d5 7. exd5 cxd5
8. O-O Be7 9. c4 dxc4 10. Bxc4 O-O 11. Nc3 Rb8 12. b3 Bb7 13. Bf4 Bd6 14. Qd4
Ne4 15. Bxd6 Qxd6 16. Qxd6 cxd6 17. Nxe4 Bxe4 18. Rad1 Rfd8 19. Rd4 Bf5 20. Re1
Kf8 21. g4 Bg6 22. Red1 Rb6 23. Bf1 f6 24. Rc1 Rd7 25. Rc8+ Ke7 26. Rg8 Ke6 27.
f4 Bb1 28. Re8+ Re7 29. Bc4+ Kd7 30. Ra8 Kc6 31. Bd5+ Kc5 32. Rd1 Bg6 33. a3
Bf7 34. Rc8+ Kb5 35. Kf2 Ka6 36. b4 Bxd5 37. Rxd5 Kb7 38. Rd8 Kc7 39. Rh8 Rc6
40. Rd3 Rc4 41. Kg3 Rd7 42. Rxh7 d5 43. Rh8 Kd6 44. Kf3 g5 45. fxg5 fxg5 46.
Rf8 Rh7 47. Rd8+ Kc6 48. Kg3 a5 49. R8xd5 axb4 50. axb4 Rg7 51. Rc5+ Rxc5 52.
bxc5 Kxc5 53. h4 Kc4 54. Rd8 gxh4+ 55. Kxh4 Rh7+ 56. Kg5 Rg7+ 57. Kf5 1-0

[Event "BL 1920 SG Speyer-Schwegenheim - SV Lin"]
[Site "?"]
[Date "2019.12.08"]
[Round "4.8"]
[White "Kraemer, Enrico"]
[Black "Levin, Felix"]
[Result "1-0"]
[WhiteElo "2225"]
[BlackElo "2468"]
[PlyCount "68"]
[EventDate "2019.??.??"]

1. d4 d5 2. Nf3 Nf6 3. g3 b5 4. Bg2 e6 5. O-O Bb7 6. a4 b4 7. c3 a5 8. cxb4
Bxb4 9. Nc3 Na6 10. Ne5 O-O 11. Bg5 Be7 12. Rc1 h6 13. Bf4 Nd7 14. Nxd7 Qxd7
15. e4 c6 16. Qg4 Kh7 17. Rfd1 Nb4 18. exd5 cxd5 19. Nb5 Rac8 20. Bf1 Rxc1 21.
Rxc1 Rc8 22. Qd1 g5 23. Rxc8 Bxc8 24. Bc7 Bd8 25. Bxd8 Qxd8 26. Qc1 Bd7 27. Qc5
Kg7 28. b3 Nc6 29. Nd6 Qa8 30. Bb5 f5 31. Qb6 Qb8 32. Nb7 Qc8 33. Bxc6 Bxc6 34.
Nc5 Kf7 1-0